000 00599nam a22001577a 4500
008 180206b xxu||||| |||| 00| 0 eng d
020 _a 9780538473934
050 _aQA76.5
_bS457 2012
100 _a Shelly, Gary B
245 _aDiscovering computers with Microsoft Office 2010:
_bCSCI 1101 2013-14 /
_cGary B. Shelly, Misty E. Vermaat.
260 _aBoston, MA
_bCourse Technology/Cengage Learning,
_c2012.
300 _a 1 volume (various pagings) :
_bcolor illustrations ;
_c28cm.
500 _aIncludes index.
650 _aComputer science,Computer networks,Internet.
942 _2lcc
_cBK
999 _c52049
_d52049